Decorative origami for the parties and celebrations

Bibliographic Details
Main Author: Jackson, Paul
Format: Book
Published: London : Grange books , 1996
Subjects:

MARC

LEADER 00000cam a2200000 7i4500
001 0000016903
005 20080502.0
008 080502
020 |a 1856279561 
090 0 0 |a 736.982   |b JAC 
100 1 |a Jackson, Paul 
245 1 0 |a Decorative origami for the parties and celebrations   |c Paul Jackson 
260 |a London :   |b Grange books ,   |c 1996 
650 0 |a Origami   |x Decorition art 
650 0 |a Origami   |x Techniques 
999 |a 0000747498   |b Book   |c Adult Collection   |e Cawangan Mersing 
999 |a 0000845099   |b Book   |c REFERENCE   |e Cawangan Tmn. Ungku Tun Aminah 
999 |a 0000845101   |b Book   |c REFERENCE   |e Cawangan Tmn. Ungku Tun Aminah 
999 |a 0001013814   |b Book   |c REFERENCE   |e Perbadanan Perpustakaan Awam Johor 
999 |a 0001013816   |b Book   |c Adult Collection   |e Cawangan Urban Transformation Centre